| 000 | 00576nam a22002057a 4500 | ||
|---|---|---|---|
| 005 | 20251017122816.0 | ||
| 008 | 251017b |||||||| |||| 00| 0 eng d | ||
| 020 |
_a9788194503156 _cRs.300.00 |
||
| 040 | _aLoreto College | ||
| 041 | _aEnglish | ||
| 082 |
_a824 _bKON |
||
| 245 |
_aPopular narratives _bTexts and contexts _cEdited by Ankur Konar and Subham Dutta |
||
| 260 |
_aMemari _bAvenel Press _c2021 |
||
| 300 |
_a168p _b22cm |
||
| 650 | _aPopular literature-Criticism | ||
| 700 |
_4ed. _aKonar,Ankur |
||
| 700 |
_4ed. _aDutta,Subham |
||
| 850 | _aLCLIB | ||
| 942 | _cBK | ||
| 999 |
_c44167 _d94646 |
||